[Event "Gyor op-B 5th"]
[Site "Gyor"]
[Date "2014.07.12"]
[Round "6"]
[White "Nielsen, Daniel"]
[Black "Koteles, Robert"]
[Result "1/2-1/2"]
[WhiteElo "1696"]
[BlackElo "1676"]
[PlyCount "98"]
[EventDate "2014.07.09"]
[EventType "swiss"]
[EventRounds "9"]
[EventCountry "HUN"]
[SourceTitle "EXT 2016"]
[Source "ChessBase"]
[SourceDate "2015.10.08"]
[SourceVersion "1"]
[SourceVersionDate "2015.10.08"]
[SourceQuality "1"]

1. d4 Nf6 2. c4 e6 3. Nf3 d5 4. e3 Be7 5. Be2 0-0 6. 0-0 dxc4 7. Bxc4 c5 8. dxc5 Bxc5 9. Nc3 Nbd7 10. Qe2 Nb6 11. Bb3 Qe7 12. e4 h6 13. Be3 Bxe3 14. Qxe3 Bd7 15. Ne5 Bc6 16. Nxc6 bxc6 17. Rac1 Qb4 18. Rfd1 Rfd8 19. Qe2 a5 20. Qc2 Rxd1+ 21. Qxd1 Nxe4 22. Nxe4 Qxe4 23. h3 a4 24. Bc2 Qd5 25. b3 Qxd1+ 26. Bxd1 axb3 27. Bxb3 Rc8 28. Kf1 c5 29. Ke2 c4 30. Bd1 Ra8 31. Ra1 Ra3 32. Bc2 Nd5 33. g3 Nb4 34. Kd1 f6 35. Rb1 Nxc2 36. Kxc2 Rxa2+ 37. Rb2 Rxb2+ 38. Kxb2 Kf7 39. Kc3 f5 40. Kxc4 Kf6 41. Kd4 g5 42. g4 h5 43. gxh5 g4 44. hxg4 fxg4 45. h6 Kg6 46. Ke5 Kxh6 47. Kxe6 Kg5 48. Ke5 g3 49. fxg3 Kg4 1/2-1/2

[Event "Gyor op-B 5th"]
[Site "Gyor"]
[Date "2014.07.11"]
[Round "5"]
[White "Koteles, Robert"]
[Black "Borhy, Gyorgy Szilard"]
[Result "1-0"]
[WhiteElo "1676"]
[BlackElo "1527"]
[PlyCount "53"]
[EventDate "2014.07.09"]
[EventType "swiss"]
[EventRounds "9"]
[EventCountry "HUN"]
[SourceTitle "EXT 2016"]
[Source "ChessBase"]
[SourceDate "2015.10.08"]
[SourceVersion "1"]
[SourceVersionDate "2015.10.08"]
[SourceQuality "1"]

1. c4 c5 2. Nc3 g6 3. g3 Nc6 4. Bg2 Bg7 5. e3 e6 6. Nge2 Nge7 7. d4 cxd4 8. Nxd4 0-0 9. 0-0 Nxd4 10. exd4 d5 11. c5 a6 12. Na4 Bd7 13. Nb6 Rb8 14. Bf4 Bb5 15. Re1 Nf5 16. Be5 Bxe5 17. Rxe5 Re8 18. g4 Ng7 19. a4 Bc6 20. b4 f6 21. Re3 e5 22. dxe5 Rxe5 23. Rxe5 fxe5 24. Bxd5+ Bxd5 25. Qxd5+ Qxd5 26. Nxd5 Re8 27. Nf6+ 1-0